| 000 | 01063nam a2200289Ia 4500 | ||
|---|---|---|---|
| 003 | OSt | ||
| 005 | 20211125142152.0 | ||
| 008 | 130821s2015 ck fr spa | ||
| 020 | _a9583501751 | ||
| 040 |
_aCO-BoUCM _cCO-JMCR |
||
| 041 | 0 | 0 | _aspa |
| 082 | 0 | 4 |
_a336.2714 / _bP723i _223 |
| 100 | 1 |
_aPlazas Vega, Mauricio Alfredo _eautor _932603 |
|
| 245 | 0 | 3 |
_aEl impuesto sobre el valor agregado IVA / _cMauricio Alfredo Plazas Vega |
| 250 | _aSegunda edición | ||
| 260 |
_aBogotá, (Colombia) : _bTemis, _c1998. |
||
| 300 |
_axlvi, 1024 páginas ; _c24 cm. |
||
| 504 | _aIncluye referencias bibliográficas e índices | ||
| 505 | 0 | _aConsideraciones generales sobre el impuesto al valor agregado. -- El IVA en Colombia. -- El IVA en los negocios internacionales. | |
| 650 | 1 | 4 |
_aDerecho tributario _912836 |
| 650 | 2 | 4 |
_aDerecho tributario _zColombia _938466 |
| 650 | 2 | 4 |
_aFinanzas _97628 |
| 650 | 2 | 4 |
_aImpuesto al valor agregado. IVA _zColombia _968177 |
| 650 | 2 | 4 |
_aImpuestos _zColombia _917253 |
| 650 | 2 | 4 |
_aTratados comerciales _925817 |
| 942 |
_cBK _2ddc |
||
| 999 |
_c12755 _d12755 |
||